000 00347nam a22001217a 4500
008 230621b xxu||||| |||| 00| 0 eng d
082 _a328.3
_bCPA
100 _cCPA
245 _aReport of the Executive Committee 1978-79 and
_bReport of Proceedings of the General Assembly
260 _aNew Zealand
_bCPA
_c1979
300 _a143p
942 _2ddc
_cBK
999 _c1958
_d1958